000 00368nam a2200145Ia 4500
008 230917s9999||||xx |||||||||||||| ||und||
040 _e160474
_aMAIN
041 _aEnglish
082 _a647.94068 M61R
100 _aMill, Robert Christie
245 0 _aResorts management and operation
260 _aNew Jersey
_bJohn Wiley
_c2008
300 _a478 p.
942 _cBK
999 _c144170
_d144170